Draft planning policy statement (Record no. 108919)
[ view plain ]
| 000 -LEADER | |
|---|---|
| fixed length control field | 02292cad a22002535a 4500 |
| 001 - CONTROL NUMBER | |
| control field | L145781 |
| 008 - FIXED-LENGTH DATA ELEMENTS--GENERAL INFORMATION | |
| fixed length control field | 081106e20081104xxka f f000 0 eng d |
| 020 ## - INTERNATIONAL STANDARD BOOK NUMBER | |
| International Standard Book Number | 9781409806861 |
| 035 ## - SYSTEM CONTROL NUMBER | |
| System control number | (Sirsi) u145781 |
| 041 0# - LANGUAGE CODE | |
| Language code of text/sound track or separate title | eng |
| 050 04 - LIBRARY OF CONGRESS CALL NUMBER | |
| Classification number | 333.72 $2 18 |
| 110 2# - MAIN ENTRY--CORPORATE NAME | |
| Corporate name or jurisdiction name as entry element | United Kingdom |
| Subordinate unit | Department for Communities and Local Government |
| 9 (RLIN) | 4939 |
| 245 00 - TITLE STATEMENT | |
| Title | Draft planning policy statement |
| Remainder of title | eco-towns, consultation |
| Medium | [electronic resource] |
| 260 ## - PUBLICATION, DISTRIBUTION, ETC. | |
| Place of publication, distribution, etc. | Wetherby |
| Name of publisher, distributor, etc. | DCLG |
| Date of publication, distribution, etc. | 2008 |
| 505 2# - FORMATTED CONTENTS NOTE | |
| Formatted contents note | Introduction: background; how do eco-towns fit into our wider strategy?; why new settlements?; why do we want a PPS?; sustainability appraisal and habitants regulations assessment; the initial impact assessment; consultation arrangements -- Planning context: national planning policies; Regional Spatial Strategies (RSS); Local Development Frameworks (LDF); handling applications for eco-towns before locations are in plans; determining planning applications -- Locational principles -- Eco-town standards: zero carbon in eco-towns; climate change adaptation; homes; employment; transport; local services; green infrastructure; biodiversity; water; flood risk management; waste -- Deployment and management: master planning; transition; community and governance; monitoring -- Consultation questions -- Statement of consultation -- Locations included in the eco-towns programme |
| 520 ## - SUMMARY, ETC. | |
| Summary, etc. | Draft Planning Policy Statement (PPS) seeks to define what constitutes an eco-town; environmental, social and economic standards eco-towns should meet and how eco-towns will relate to the planning system. Eco-towns will have at least 5 000 homes, make use of sustainable technologies, achieve excellence in build quality and public transport links. The attached consultation seeks to gather responses on the Draft PPS. Responses must be received by 19 February 2009. |
| 521 ## - TARGET AUDIENCE NOTE | |
| Target audience note | Advanced |
| 590 ## - LOCAL NOTE (RLIN) | |
| Local note | KA NTK |
| 651 #4 - SUBJECT ADDED ENTRY--GEOGRAPHIC NAME | |
| Geographic name | England and Wales |
| Chronological subdivision | 1543- |
| 690 ## - LOCAL SUBJECT ADDED ENTRY--TOPICAL TERM (OCLC, RLIN) | |
| Topical term or geographic name as entry element | ENVIRONMENTAL AND LAND CONSULTANCY-PLANNING AND DEVELOPMENT-STRATEGIC PLANNING |
| 700 1# - ADDED ENTRY--PERSONAL NAME | |
| Personal name | ENVIRONMENTAL AND LAND CONSULTANCY-SUSTAINABILITY-SUSTAINABLE DEVELOPMENT |
| 856 40 - ELECTRONIC LOCATION AND ACCESS | |
| Uniform Resource Identifier | <a href="https://www.communities.gov.uk/documents/planningandbuilding/pdf/ppsecotowns.pdf">https://www.communities.gov.uk/documents/planningandbuilding/pdf/ppsecotowns.pdf</a> |
| Public note | View the item free of charge online at www.communities.gov.uk... |
| 942 ## - ADDED ENTRY ELEMENTS (KOHA) | |
| Suppress in OPAC | 0 |
| Withdrawn status | Lost status | Source of classification or shelving scheme | Damaged status | Not for loan | Home library | Current library | Shelving location | Date acquired | Total Checkouts | Full call number | Barcode | Date last seen | Copy number | Price effective from | Koha item type |
|---|---|---|---|---|---|---|---|---|---|---|---|---|---|---|---|
| Dewey Decimal Classification | Virtual | Virtual | Online | 06/11/2008 | L145781 | 145781-1001 | 06/08/2019 | 1 | 06/08/2019 | Book |